کہکشا ں ا د ب (تنقيد ی و تجز يا تی مطا لعہ) (Record no. 169574)

MARC details
000 -LEADER
fixed length control field 00718nam a22001937a 4500
005 - DATE AND TIME OF LATEST TRANSACTION
control field 20191125123156.0
010 ## - LCCN (DPL NO)
LC control number UR-10613
020 ## - INTERNATIONAL STANDARD BOOK NUMBER
Terms of availability 250.00
International Standard Book Number 9789384255565
035 ## - SYSTEM CONTROL NUMBER
System control number U-9168
037 ## - SOURCE OF ACQUISITION
Source of stock number/acquisition DBAD/PUB
Stock number -
082 ## - DEWEY DECIMAL CLASSIFICATION NUMBER
Classification number 840.08
100 ## - MAIN ENTRY--PERSONAL NAME
Personal name ا يم ا ے قد ير
245 ## - TITLE STATEMENT
Title کہکشا ں ا د ب (تنقيد ی و تجز يا تی مطا لعہ)
Statement of responsibility, etc ا يم ا ے قد ير
246 ## - VARYING FORM OF TITLE
Remainder of title Kahkashan-e-Adab(Tanqeedi wa Tajzyati Mutallya) (Urdu)
Title proper/short title by Dr.M,A.Qadeer
260 ## - PUBLICATION, DISTRIBUTION, ETC. (IMPRINT)
Place of publication, distribution, etc Delhi
Name of publisher, distributor, etc Educational Publishing House
Date of publication, distribution, etc 2018 ء
270 ## - ADDRESS
Address 3191,Vakil Street, Kucha Pandit,Lal Kuan,
City Delhi
Postal code 110006
Telephone number 01123216162
Fax number -
300 ## - PHYSICAL DESCRIPTION
Extent 184 ص
Dimensions 22 Cm(Hb)
942 ## - ADDED ENTRY ELEMENTS (KOHA)
Source of classification or shelving scheme Dewey Decimal Classification
Item type Urdu Bks
Classification part 840.08
Call number suffix ق د ی
Holdings
Withdrawn status Lost status Not for loan Collection code Home library Current library Date acquired Source of acquisition Cost, normal purchase price Full call number Barcode Copy number Cost, replacement price Koha item type
    Not For Loan Non-fiction D.B.Act.Division D.B.Act.Division 25/11/2019 DBAD/PUB 250.00 840.08 ق د ی U-9168 1 250.00 Urdu Bks

© Delhi Public Library
Hit Counter
free hit counter